00878nam a22002297a 4500952009800000999001900098005001700117008004100134020001800175082001800193100001800211245004300229250001700272260003600289300001800325504003500343505014800378519004200526650003900568650003400607942000700641 00102lcc4070a15b15d2017-06-12l0o425.07 K57kp15 008589r2017-12-07t1w2017-07-20yLB c102337d10233720231102152037.0170720s2012 mx a|||| |||| 00| 0 eng d a9786073214070 a425.07 bK57k aRost Michael  aKeep going for dgb 4c / Rost Michael  a1 Edición  aMéxico b : Pearson c , 2012 a82 Páginas  aIncluye bibliografía pp 2-82 aDescribing hypothetical situations Describing my life experience Expressing my likes and preferences Describing objects, activities, an people  aMaterial Complementario d(15 008589)14aDESCRIBING HYPOTHETICAL SITUATIONS14aDESCRIBING MY LIFE EXPERIENCE cLB